000 01250nam a2200253Ia 4500
003 OSt
005 20220930094853.0
006 a|||||r|||| 00| 0
007 ta
008 220926b |||||||| |||| 00| 0 hin d
024 _a32365
037 _cTheses
040 _aCRL
_cCRL
_bhin
041 _2hin
_ahin
100 _aगोस्वामी, पूजा, ले.
110 _aदिल्ली विश्वविद्यालय. कला संकाय. संगीत एवं ललित कला
_9556496
245 0 _aहिंदुस्तानी शास्त्रीय संगीत के संरक्षण में संगीत नाटक अकादेमी दिल्ली की भूमिका
_b एक अध्ययन
246 _aHiandustānī shāstrīya sangīt ke sanrakṣhaṇ mean sangīt nāṭak akādemī dillī kī bhūmikā: ek adhyayana
260 _c2014
300 _a418़
_33पृ.
_ap.
_ccm.
700 _aदिल्ली विश्वविद्यालय. कला संकाय. संगीत एवं ललित कला
_9556497
942 _cDIS
_2CC
999 _c887819
_d887819